| 000 | 00619nam a22001937a 4500 | ||
|---|---|---|---|
| 005 | 20251108171116.0 | ||
| 008 | 250721s9999 xx 000 0 ara d | ||
| 082 | 1 | 4 | _a216,7/مقد |
| 100 | 1 | _aالمقدسي، حسان عبد المنان | |
| 245 | 1 | 0 | _aالجهاد و أوضاعها المعاصرة في ضوء الأزمات الإسلامية المعاصرة / |
| 264 | 1 |
_aالزرقاء : _bدار الرشيد، _c[19-]. |
|
| 300 | _a208ص | ||
| 650 | 1 | 7 | _aالإسلام |
| 650 | 1 | 7 | _aالفقه |
| 650 | 1 | 7 | _aالجهاد |
| 650 | 1 | 7 | _aحرب الخليج 1991 |
| 942 |
_2ddc _cBK |
||
| 999 |
_c56809 _d56809 |
||